000
00306nam a22001457a 4500
008
230324b ||||| |||| 00| 0 eng d
020
_a
0409900605
041
_a
eng
080
_a
61
082
_a
61FAN
100
_a
12
101
_a
OFTAMO
245
_a
CLINICAL OPTICS
_c
FANNIN.E.T
942
_2
udc
_c
BK
999
_c
59452
_d
59452